| 000 | 01085nam a2200253 i 4500 | ||
|---|---|---|---|
| 001 | 122883 | ||
| 003 | ES-MaACL | ||
| 005 | 20260327144742.0 | ||
| 007 | t| | ||
| 008 | 070214s1916 sp |||| | spa d | ||
| 100 | 1 |
_aPulido, Ángel, _d1852-1932 _9149324 |
|
| 245 | 1 | 3 |
_aLa tuberculosis y su profilaxia social : _bconferencia popular dada en el Instituto Nacional de Previsión el 5 de junio de 1916, con motivo de la celebración de la Fiesta de la Flor en Madrid / _cÁngel Pulido. |
| 260 |
_aMadrid : _b[s.n.], _c1916 ( _fImp. del Asilo de Huérfanos) |
||
| 300 |
_a39 p. ; _c21 cm. |
||
| 490 | 1 | _aBiblioteca Pro Infantia | |
| 530 | _aDisponible en formato digital. | ||
| 650 | 4 |
_aTuberculosis- _xPrevención. _9139265 |
|
| 710 | 2 |
_aInstituto Nacional de Previsión (España) _95180 |
|
| 830 | 0 |
_aBiblioteca Pro Infantia _9183281 |
|
| 852 |
_aES-MaACL _j1512-F-8 _9127446 _cDEPOF _zRevisado enlace: 27 de Marzo de 2025. |
||
| 856 | 4 |
_uhttp://bdh-rd.bne.es/viewer.vm?id=0000206097&page=1 _yBiblioteca Digital Hispánica |
|
| 942 | _2udc | ||
| 999 |
_c122883 _d122883 |
||